000 01218nam a2200289 i 4500
001 14508
003 ES-MaACL
005 20250902094054.0
007 t|
008 970707r19961781sp ||||0| spa j
040 _aM-BN
_bspa
_cM-BN
080 _a061.235(460.188 SG.)(060.13)
110 2 _aEspaña.
_bRey (1759-1788: Carlos III)
_93960
245 1 0 _aReal cédula de S.M. y señores del Consejo por la cual se aprueban los estatutos de la Real Sociedad Económica de la ciudad de Segovia /
_cintroducción por José Manuel Valles Garrido.
250 _aEd. facs.
260 _a[Segovia] :
_bAsociación Cultural Biblioteca de Ciencia y Artillería,
_cD.L. 1996.
300 _a64, 45 p. ;
_c22 cm.
534 _pReprod. de la ed. de:
_c-- Segovia : en la Imprenta de D. Antonio Espinosa, año de 1781.
610 2 4 _aReal Sociedad Económica de Amigos del País (Segovia)
_96385
655 7 _2tgfbne
_9226495
_aFacsímiles
700 0 _aCarlos
_bIII,
_cRey de España
_935305
700 1 _aValles Garrido, José Manuel.
_9112889
710 2 _aAsociación Cultural Biblioteca de Ciencia y Artillería.
_91531
852 _aES-MaACL
_jL-21841
_bR.125480
942 _2udc
999 _c14508
_d14508